000 01489cam a22004454i 4500
003 PE-LiUPU
005 20250731173213.0
008 150625s1963 sp r 000 0 spa d
035 _a(Sirsi) a32556
040 _aPE-LiUPU
_bspa
_cPE-LiUPU
_erda
049 _aPRUA
082 0 4 _a223.2
_bG25
_221
100 1 _aGarcía Cordero, Maximiliano,
_eautor.
130 1 _aBiblia.
_pA.T.
_pSalmos.
_lEspañol.
245 1 0 _aLibro de los Salmos /
_cpor el padre Maximiliano García Cordero, O.P.
264 1 _aMadrid :
_bBiblioteca de autores Cristianos,
_c1963.
300 _a518 páginas ;
_c15 centímetros.
336 _atext
_2rdacontent
337 _aunmediated
_2rdamedia
338 _avolume
_2rdacarrier
490 0 _aBiblioteca de Autores Cristianos
505 0 _aLos Salmos.
526 _aSEG42
526 _aSEG41
526 _aSEG40
526 _aSEG39
526 _aP94
526 _aP87
526 _aP86
526 _aP85
526 _aP77
526 _aP76
526 _aP35
630 _aBiblia.
_pA.T.
_pSalmos
_xAntología.
942 _2ddc
_cBOOK
949 _a223.2 G25
_wDEWEY
_c1
_i39028
_lCCODEBUL1
_mBUL
_p00.00
_r0
_sY
_tBOOK
_u2015-06-25
_xBIBLIOTECA
_zUNKNOWN
_0COMPRA
_o.STAFF. Colección General
596 _a1
999 _a223.2 G25
_wDEWEY
_c40221
_i39028
_d40221
_e2017-9-26
_f2021-11-9
_g5
_lCCODEBUL1
_mBUL
_n9
_p15.00
_q10
_r0
_sY
_tBOOK
_u2015-6-25
_xTEOLOGIA
_PP35
_0COMPRA
_o.STAFF. Colección Teología
980 _81
_gALBERTO SANCHEZ Responsable de Automatización